000
00338nam a2200145 a 4500
008
001204s1965||||xx 0 und c
040
_a
SNK
_b
slo
_c
SNK
_e
AACR2
100
1
_a
Šaling, Samo
245
1
0
_a
Slovník cudzích slov
260
_a
Bratislava
_b
SPN
_c
1965
300
_a
1139 s.
020
_c
29
041
_a
slo
044
_a
xo
_c
SK
999
_c
19182
_d
19182